[Event "Titled Tue 23rd Sep 2025"]
[Site "chess.com INT"]
[Date "2025.09.23"]
[Round "11"]
[White "Carlsen,M"]
[Black "Nakamura,Hi"]
[Result "0-1"]
[WhiteElo "2839"]
[BlackElo "2807"]

1.c4 e5 2.g3 Nf6 3.Bg2 c6 4.d4 exd4 5.Qxd4 d5 6.Nf3 Na6 7.O-O Bc5 8.Qe5+ Qe7
9.cxd5 Qxe5 10.Nxe5 Nxd5 11.Nd3 Bb6 12.Bxd5 cxd5 13.Nc3 Be6 14.Na4 Bd8 15.Bf4 Be7
16.Rfc1 O-O 17.Be5 Rfc8 18.Nf4 Nb4 19.Nc3 Bg5 20.Bd6 Nc6 21.Rd1 Bxf4 22.Bxf4 d4
23.Nb5 Rd8 24.Rd2 Rd7 25.b3 Rad8 26.Rad1 a6 27.Na3 f6 28.h4 h6 29.h5 Bg4
30.Nc2 Bxh5 31.f3 d3 32.Rxd3 Rxd3 33.Rxd3 Rxd3 34.exd3 Bxf3 35.Kf2 Bd5 36.Ke3 g5
37.Bc7 Kf7 38.Nd4 Nxd4 39.Kxd4 Bc6 40.Ke3 Ke6 41.Bd8 Kf5 42.Kf2 Ke5 43.b4 f5
44.Ke3 f4+ 45.gxf4+ gxf4+ 46.Ke2 Kf5 47.a3 h5 48.Kf2 Kg4 49.Bb6 Kf5 50.Bd8 Bb5
51.Ke2 Kg4 52.Kf2 Bxd3 53.a4 h4 54.a5 Be4 55.Bb6 Bc6 56.Bc5 Kf5 57.Kg1 Ke4
58.Kf2 h3 59.Kg1 Kf3 60.Kh2 Bd7 61.Bd6 Ke3 62.Kg1 f3  0-1

[Event "Titled Tue 30th Sep 2025"]
[Site "chess.com INT"]
[Date "2025.09.30"]
[Round "1"]
[White "Nakamura,Hi"]
[Black "Azar,Sebastien"]
[Result "1-0"]
[WhiteElo "2807"]
[BlackElo "2006"]

1.d4 Nf6 2.Bg5 Ne4 3.Bf4 Nc6 4.f3 Nf6 5.e4 d6 6.Be3 g6 7.c4 Bg7 8.Nc3 h5
9.Qd2 O-O 10.d5 Ne5 11.h3 c6 12.g4 cxd5 13.cxd5 Qc7 14.Rc1 Bd7 15.g5 Nh7
16.Nd1 Qd8 17.f4 e6 18.fxe5 exd5 19.exd6 Re8 20.Bg2 dxe4 21.Ne2 Be5 22.Nf2 Bc6
23.Rd1 Re6 24.O-O Rxd6 25.Qc1 Qe7 26.Bc5 Rxd1 27.Bxe7 Rxc1 28.Rxc1 Bxb2 29.Rc2 Re8
30.Rxb2 Rxe7 31.h4 f6 32.gxf6 Nxf6 33.Nh3 Rd7 34.Nc3 Rd3 35.Rc2 e3 36.Bxc6 bxc6
37.Nf4 Rd4 38.Nce2 Rd1+ 39.Kg2 Ng4 40.Rxc6 Ra1 41.Rxg6+ Kf7 42.Ra6 Ne5 43.Rxa7+ Kf6
44.Nxh5+ Kf5 45.Ra5 Ke6 46.Nef4+ Kd6 47.Rd5+ Kc6 48.Rxe5 Rxa2+ 49.Kf3 Rh2
50.Rxe3 Rxh4 51.Re1 Rh2 52.Rc1+  1-0

[Event "Titled Tue 30th Sep 2025"]
[Site "chess.com INT"]
[Date "2025.09.30"]
[Round "2"]
[White "Aakash Sharadchandra,Dalvi"]
[Black "Nakamura,Hi"]
[Result "0-1"]
[WhiteElo "2419"]
[BlackElo "2807"]

1.d4 Nf6 2.c4 b6 3.Nc3 Bb7 4.Qc2 d5 5.cxd5 Nxd5 6.e4 Nxc3 7.bxc3 e6 8.Nf3 Nd7
9.Bd3 c5 10.O-O Qc7 11.Qe2 Be7 12.Be3 O-O 13.Rad1 Nf6 14.Bg5 Nh5 15.Bxe7 Qxe7
16.Qe3 Nf6 17.h3 Rac8 18.Rfe1 Rfd8 19.Qf4 cxd4 20.cxd4 Rc3 21.Qh4 h6 22.Bb1 Rc4
23.Qg3 Qc7 24.Qh4 Qe7 25.Qg3 Rb4 26.Re3 Nh5 27.Qe5 Nf6 28.Rde1 Rc8 29.Qg3 Qc7
30.Qh4 Rc4 31.Bd3 Rc1 32.Rxc1 Qxc1+ 33.Kh2 Qc7+ 34.Kg1 Qb8 35.Re1 Rc3 36.Bb1 Qc7
37.d5 Rc1 38.Bd3 Rxe1+ 39.Nxe1 Qc3 40.f3 exd5 41.exd5 Bxd5  0-1

[Event "Titled Tue 30th Sep 2025"]
[Site "chess.com INT"]
[Date "2025.09.30"]
[Round "3"]
[White "Nakamura,Hi"]
[Black "Klukin,Kirill"]
[Result "1-0"]
[WhiteElo "2807"]
[BlackElo "2404"]

1.e4 c5 2.c3 d5 3.exd5 Qxd5 4.Nf3 g6 5.d4 Bg7 6.Be3 Nh6 7.Na3 Nf5 8.Bc4 Nxe3
9.Bxd5 Nxd1 10.Rxd1 cxd4 11.Nb5 Na6 12.Nfxd4 O-O 13.Nb3 e6 14.Bf3 Be5 15.O-O Nc7
16.Rfe1 Bxh2+ 17.Kxh2 Nxb5 18.Re5 Nc7 19.Rc5 Nd5 20.Bxd5 exd5 21.Rc7 Re8
22.Rxd5 Be6 23.Rd2 b6 24.Kg3 Rec8 25.Rxc8+ Rxc8 26.Nc1 Kg7 27.a3 h5 28.Ne2 g5
29.f3 h4+ 30.Kf2 Kf6 31.Nd4 Bc4 32.Nc2 Be6 33.Nd4 Bc4 34.b3 Be6 35.c4 a6
36.Ke3 b5 37.cxb5 axb5 38.Nxb5 Bxb3 39.Nd6 Rc3+ 40.Kd4 Rc2 41.Ne4+ Kf5 42.Rd3 Be6
43.g3 h3 44.Ke3 h2 45.Rd1 g4 46.Nd2 Bd5 47.Rh1 Rc3+ 48.Kd4 Bxf3 49.Rxh2 Rxa3
50.Nc4 Ra4 51.Rc2 f6 52.Ke3 Kg5 53.Nd6 Ra7 54.Rc5+ Kg6 55.Rc8 Re7+ 56.Kf4 Rd7
57.Nf5 Ra7 58.Rg8+ Kh7 59.Rb8 Ra4+ 60.Ke3 Re4+ 61.Kd3 Re5 62.Nd4 Kg6 63.Rg8+ Kf7
64.Rb8 Be4+ 65.Ke3 Bf3+ 66.Kf2 Re7 67.Rb5 Rd7 68.Nf5 Rd2+ 69.Ke3 Re2+ 70.Kd3 Re4
71.Nd6+ Ke6 72.Nxe4 Bg2 73.Ke3 Bf1 74.Rb6+ Kf7 75.Rxf6+ Ke7 76.Rf4 Bg2 77.Nf2 Bh3
78.Nxg4 Bxg4 79.Rxg4 Kf6 80.Rf4+ Ke6 81.Kf3 Ke5 82.g4 Ke6 83.g5 Ke7 84.g6 Ke6
85.g7 Ke7 86.g8=Q  1-0

[Event "Titled Tue 30th Sep 2025"]
[Site "chess.com INT"]
[Date "2025.09.30"]
[Round "4"]
[White "Deac,Bogdan-Daniel"]
[Black "Nakamura,Hi"]
[Result "1/2-1/2"]
[WhiteElo "2674"]
[BlackElo "2807"]

1.d4 Nf6 2.c4 e6 3.Nc3 Bb4 4.Qc2 O-O 5.e4 d5 6.e5 Ne4 7.Bd3 c5 8.Nf3 cxd4
9.Nxd4 Nd7 10.Bf4 Qh4 11.g3 Qh5 12.O-O Bxc3 13.bxc3 g5 14.cxd5 exd5 15.Be3 Nxe5
16.f3 Nxd3 17.Qxd3 Nd6 18.g4 Qg6 19.Qxg6+ hxg6 20.Bxg5 f6 21.Bf4 Nc4 22.Nb5 Bd7
23.Nc7 Rad8 24.Nxd5 Kf7 25.Rae1 Be6 26.Nc7 Bd7 27.Nd5 Be6 28.Nc7 Bd7 29.Nd5  1/2-1/2

[Event "Titled Tue 30th Sep 2025"]
[Site "chess.com INT"]
[Date "2025.09.30"]
[Round "5"]
[White "Nakamura,Hi"]
[Black "Galperin,Platon"]
[Result "1/2-1/2"]
[WhiteElo "2807"]
[BlackElo "2494"]

1.e4 c5 2.Nf3 Nc6 3.c3 e5 4.Bc4 Nf6 5.d3 h6 6.Qb3 Na5 7.Qc2 Nxc4 8.dxc4 d6
9.b3 Be7 10.Nbd2 O-O 11.Nf1 Nh5 12.Ne3 a6 13.O-O b5 14.Rd1 Be6 15.Nxe5 Qc7
16.Nf3 Nf6 17.cxb5 axb5 18.c4 Qb7 19.Nd2 Ng4 20.Nxg4 Bxg4 21.f3 Be6 22.Bb2 Bg5
23.cxb5 Qxb5 24.Nc4 Bxc4 25.bxc4 Qa6 26.e5 dxe5 27.Bxe5 Rfe8 28.f4 Bf6 29.Rd5 Bxe5
30.fxe5 Qa3 31.Qf2 Qc3 32.Rf1 Rxe5 33.Qxf7+ Kh8 34.Rd7 Rg5 35.Rfd1 Kh7 36.R7d2 Qe3+
37.Kh1 Re8 38.h4 Re4 39.Qf2 Qxf2 40.Rxf2 Rxh4+ 41.Kg1 Rxc4 42.Ra1 Ra4 43.Rc2 c4
44.Re1 Rga5 45.Ree2 Ra3 46.Kh2 Rc5 47.Re4 Rca5 48.Ree2 Rc5 49.Re4 Rca5 50.Rcxc4 Rxa2
51.Rg4 Ra7 52.Rcd4 R2a6 53.Rc4 Rf6 54.Rcd4 Raf7 55.Rc4 Rf5 56.Rcd4 R5f6 57.Rde4 Rf5
58.Rd4 R5f6  1/2-1/2

[Event "Titled Tue 30th Sep 2025"]
[Site "chess.com INT"]
[Date "2025.09.30"]
[Round "6"]
[White "Galchenko,Matvey"]
[Black "Nakamura,Hi"]
[Result "0-1"]
[WhiteElo "2435"]
[BlackElo "2807"]

1.e4 c5 2.c3 e6 3.d4 d5 4.e5 Qb6 5.Nf3 Bd7 6.Be2 cxd4 7.cxd4 Bb5 8.Nc3 Bxe2
9.Nxe2 Ne7 10.Ng3 Qa6 11.Bd2 Nbc6 12.Bc3 Ng6 13.Nh5 Nb4 14.Qe2 Qxe2+ 15.Kxe2 Nc6
16.Rac1 Rg8 17.g3 Be7 18.h4 f6 19.Kd3 Kf7 20.Rhe1 Rac8 21.a3 Rc7 22.Rc2 Rgc8
23.exf6 gxf6 24.Rce2 Nd8 25.Ba5 b6 26.Bd2 Bd6 27.g4 e5 28.Nxf6 e4+ 29.Nxe4 dxe4+
30.Rxe4 Nf8 31.Ng5+ Kg8 32.f4 Rc2 33.Bc3 Rg2 34.f5 Bg3 35.Rh1 Nb7 36.Re7 Rc7
37.f6 Bd6 38.f7+ Kg7 39.Re4 h6 40.d5+ Rxc3+ 41.bxc3 hxg5 42.Re8 Bf4 43.hxg5 Nd6
44.Re2 Rxg4 45.Rh6 Rxg5 46.Rh3 Rxd5+ 47.Kc2 Rf5 48.Rd3 Kxf7 49.Rf2 Ke7 50.Rd4 Ne6
51.Ra4 a5 52.Re2 Kd7 53.Kb3 Nc5+  0-1

[Event "Titled Tue 30th Sep 2025"]
[Site "chess.com INT"]
[Date "2025.09.30"]
[Round "7"]
[White "Salem,AR"]
[Black "Nakamura,Hi"]
[Result "0-1"]
[WhiteElo "2640"]
[BlackElo "2807"]

1.d4 d5 2.c4 e6 3.Nc3 Be7 4.cxd5 exd5 5.Bf4 c6 6.e3 Nf6 7.Bd3 Bg4 8.f3 Bh5
9.Nge2 Bg6 10.h4 Bxd3 11.Qxd3 Nbd7 12.O-O-O Nb6 13.e4 a5 14.Kb1 a4 15.e5 Nfd7
16.Bc1 Nc4 17.Ng3 b5 18.h5 a3 19.b3 Nb2 20.Bxb2 axb2 21.Nf5 Bb4 22.Kxb2 Qa5
23.Ra1 Ba3+ 24.Kc2 O-O 25.f4 Kh8 26.Rh4 c5 27.Qxb5 Qa7 28.Ne2 cxd4 29.Nexd4 Rfc8+
30.Kd1 Bb2 31.Nf3 Bxa1 32.h6 g6 33.Qxd5 Nf6 34.exf6 gxf5  0-1

[Event "Titled Tue 30th Sep 2025"]
[Site "chess.com INT"]
[Date "2025.09.30"]
[Round "8"]
[White "Nakamura,Hi"]
[Black "Niemann,Hans Moke"]
[Result "1/2-1/2"]
[WhiteElo "2807"]
[BlackElo "2733"]

1.e4 e5 2.Nf3 Nc6 3.Bb5 a6 4.Ba4 Nf6 5.O-O Be7 6.Re1 b5 7.Bb3 O-O 8.c3 Na5
9.Bc2 d5 10.d3 dxe4 11.dxe4 Qxd1 12.Bxd1 Bd6 13.a4 Be6 14.Nbd2 h6 15.b4 Nc4
16.Bb3 Rfb8 17.Nxc4 bxc4 18.Ba2 c6 19.a5 Rc8 20.h3 Rab8 21.Nd2 c5 22.Nxc4 Bxc4
23.Bxc4 cxb4 24.Bxa6 Rxc3 25.Bf1 b3 26.a6 Bc5 27.Re2 Bd4 28.Bb2 Rc2 29.Bxd4 Rxe2
30.Bxe2 exd4 31.a7 Ra8 32.Rb1 Rxa7 33.Rxb3 Ra1+ 34.Kh2 Nxe4 35.Rb8+ Kh7 36.Bd3 f5
37.f3 Ra3 38.fxe4 Rxd3 39.exf5 Re3 40.Rd8 d3 41.g4 h5 42.g5 Re5 43.Rxd3 Rxf5
44.h4 Rf4 45.Kg3 Rg4+ 46.Kh3 Ra4 47.Rd6 Ra3+ 48.Kg2 Ra2+ 49.Kh3 Ra3+ 50.Kg2 Ra4
51.Kh3 Ra3+  1/2-1/2

[Event "Titled Tue 30th Sep 2025"]
[Site "chess.com INT"]
[Date "2025.09.30"]
[Round "9"]
[White "Pranesh,M"]
[Black "Nakamura,Hi"]
[Result "0-1"]
[WhiteElo "2611"]
[BlackElo "2807"]

1.Nf3 d5 2.b3 Bf5 3.Bb2 h6 4.g3 e6 5.Bg2 c6 6.d3 Nf6 7.O-O Nbd7 8.Nbd2 Bh7
9.Qe1 Be7 10.e4 O-O 11.Qe2 a5 12.a3 a4 13.b4 c5 14.b5 c4 15.dxc4 dxe4 16.Ne5 Nc5
17.f3 exf3 18.Ndxf3 Nce4 19.Kh1 Bc5 20.Nd3 Bb6 21.Bxf6 Nxf6 22.Nfe5 Qc7 23.c5 Bxc5
24.Nxc5 Qxc5 25.Bxb7 Rad8 26.Bc6 Rd4 27.Qe3 Nd5 28.Qf2 Qc3 29.Nd3 Bxd3 30.cxd3 Rxd3
31.Rac1 Qxa3 32.b6 Rb3 33.b7 Qd6 34.Qa7 a3 35.Qa8 Rb8 36.Qa4 Rb6 37.Qa7 a2
38.Rc2 Rb1 39.Bb5 a1=Q 40.Qxb8+ Qxb8 41.Rc8+ Kh7 42.Bd3+ f5 43.Rxb1 Qxb1+
44.Bxb1 Qxb7  0-1

[Event "Titled Tue 30th Sep 2025"]
[Site "chess.com INT"]
[Date "2025.09.30"]
[Round "10"]
[White "Nakamura,Hi"]
[Black "Duda,J"]
[Result "1-0"]
[WhiteElo "2807"]
[BlackElo "2729"]

1.e4 e5 2.Bc4 Nf6 3.d3 Nc6 4.Nc3 Bb4 5.Bd2 O-O 6.Nge2 Na5 7.a3 Bxc3 8.Nxc3 Nxc4
9.dxc4 d6 10.O-O Be6 11.b3 Nd7 12.Be3 a5 13.Qe2 b6 14.Rad1 h6 15.a4 Kh8 16.Nb5 Rc8
17.f4 exf4 18.Rxf4 Ne5 19.Rdf1 Qe7 20.Bd4 f6 21.Nc3 Rce8 22.h3 Rf7 23.Qd2 Qf8
24.Ne2 Bc8 25.Ng3 Qg8 26.Nh5 Ref8 27.R4f2 Qh7 28.c5 bxc5 29.Bxe5 dxe5 30.Ng3 c4
31.Qxa5 Qg6 32.Kh2 cxb3 33.cxb3 Be6 34.Rf3 Rd7 35.Qc5 Rb8 36.a5 Qe8 37.a6 Qe7
38.Qc6 Rdd8 39.a7 Ra8 40.Ra1 Qd6 41.Rc3 Qxc6 42.Rxc6 Bxb3 43.Nf5 g6 44.Nxh6 Rd7
45.Ng4 Kg7 46.Nxf6 Rf7 47.Ne8+ Rxe8 48.a8=Q Rxa8 49.Rxa8 Rf4 50.Rxc7+ Kh6
51.Re7 Rxe4 52.Ra5 Re2 53.Raxe5 Ra2 54.Re2  1-0

[Event "Titled Tue 30th Sep 2025"]
[Site "chess.com INT"]
[Date "2025.09.30"]
[Round "11"]
[White "Nepomniachtchi,I"]
[Black "Nakamura,Hi"]
[Result "0-1"]
[WhiteElo "2742"]
[BlackElo "2807"]

1.c4 e5 2.Nc3 Nf6 3.Nf3 Nc6 4.e3 Bb4 5.Qc2 Bxc3 6.Qxc3 Qe7 7.a3 O-O 8.b4 d6
9.Bb2 a5 10.b5 Nb8 11.d4 exd4 12.Qxd4 Nbd7 13.Bd3 b6 14.O-O Bb7 15.Nh4 Qe5
16.f4 Qxd4 17.exd4 Be4 18.Be2 Rfe8 19.Rfe1 Re7 20.Bf1 Rae8 21.Bc3 h6 22.Kf2 Ng4+
23.Kg3 Ngf6 24.Kf2 Ng4+ 25.Kg1 Ngf6 26.f5 Nf8 27.h3 N8h7 28.Re3 Bb7 29.Rxe7 Rxe7
30.Re1 Rxe1 31.Bxe1 Be4 32.Kf2 Ng5 33.Ke3 Kf8 34.g4 Ke7 35.Bg3 Kd7 36.Bf4 Ke7
37.Kf2 Kd7 38.Kg3 Ke7 39.Ng2 Bb1 40.Ne3 Nge4+ 41.Kg2 Nd2 42.Be2 Be4+ 43.Kf2 Nb1
44.a4 Nc3 45.Bd1 Nxd1+ 46.Nxd1 Bc2 47.Nb2 Kd7 48.Ke3 h5 49.Kf3 Be4+ 50.Kg3 Bc2
51.g5 Ne4+ 52.Kf3 Nc3 53.g6 fxg6 54.fxg6 Nxa4 55.Nxa4 Bxa4 56.Bh6 Bb3 57.Bxg7 Bxc4
58.Ke4 Bxb5 59.d5 c6 60.Bd4 Bc4 61.dxc6+ Kxc6 62.Kf5 b5 63.Kg5 b4 64.Kxh5 a4
65.Be3 a3 66.Bc1 Kb5 67.Kg5 Ka4 68.h4 b3 69.h5 b2  0-1

[Event "Titled Tue 7th Oct 2025"]
[Site "chess.com INT"]
[Date "2025.10.07"]
[Round "1"]
[White "Nakamura,Hi"]
[Black "Ketzetzis,G"]
[Result "1-0"]
[WhiteElo "2816"]
[BlackElo "2260"]

1.d4 d5 2.Nf3 c5 3.e3 Nc6 4.c4 cxd4 5.Nxd4 Nf6 6.Nxc6 bxc6 7.Nc3 e6 8.Bd3 Bd6
9.O-O O-O 10.Qc2 e5 11.e4 dxe4 12.Nxe4 Nxe4 13.Bxe4 f5 14.Bxc6 Rb8 15.c5 Bc7
16.Rd1 Qh4 17.Bd7 Bb7 18.c6 Ba6 19.Be3 Rb4 20.Bxf5 e4 21.Be6+ Kh8 22.g3 Qf6
23.Qc3 Qxe6 24.Qxb4 Re8 25.Rd7 Be2 26.Rxc7 Bf3 27.Qc3 Rg8 28.Bd4  1-0

[Event "Titled Tue 7th Oct 2025"]
[Site "chess.com INT"]
[Date "2025.10.07"]
[Round "2"]
[White "Moosavifar,Seyed Abolfazl"]
[Black "Nakamura,Hi"]
[Result "0-1"]
[WhiteElo "2358"]
[BlackElo "2816"]

1.e4 g6 2.d4 c6 3.Nc3 d5 4.e5 b6 5.f4 Ba6 6.Bxa6 Nxa6 7.Nf3 e6 8.Be3 c5 9.Ne2 Qd7
10.c3 Ne7 11.O-O Nf5 12.Bf2 h5 13.g3 Be7 14.h3 O-O-O 15.a4 Kb7 16.a5 b5 17.dxc5 Nxc5
18.a6+ Ka8 19.Nfd4 Ne4 20.Qd3 Bc5 21.Ra5 h4 22.g4 Nfg3 23.Rc1 Rb8 24.b4 Bb6
25.Ra3 Nxe2+ 26.Qxe2 Rbc8 27.Be3 Rc4 28.Kg2 Rhc8 29.Qd3 Bc7 30.Nb3 g5 31.fxg5 Bxe5
32.Nc5 Qc6 33.Kg1 Bd6 34.Nxe4 Rxe4 35.Rf1 Bc7 36.Bc5 Bb6 37.Bxb6 Qxb6+ 38.Kh1 Re3
39.Qd2 Rxh3+ 40.Kg2 Rg3+ 41.Kh2 Qc7 42.Qf4 Kb8 43.Qxc7+ Rxc7 44.Ra2 Rxg4
45.Raf2 Rxg5 46.Rxf7 Rg8 47.Rf8+ Rxf8 48.Rxf8+ Rc8 49.Rf7 Rc6 50.Rb7+ Ka8
51.Rh7 Rxa6 52.Rxh4 Ra3 53.Rh8+ Kb7 54.Rh7+ Kc6 55.Rh3 d4 56.Rh6 dxc3  0-1

[Event "Titled Tue 7th Oct 2025"]
[Site "chess.com INT"]
[Date "2025.10.07"]
[Round "3"]
[White "Nakamura,Hi"]
[Black "Bukreev,Stanislav"]
[Result "1-0"]
[WhiteElo "2816"]
[BlackElo "2333"]

1.e4 e6 2.f4 d5 3.e5 c5 4.Nf3 Nc6 5.c3 d4 6.Bd3 Nge7 7.Be4 Nd5 8.d3 Be7 9.c4 Nc7
10.Bxc6+ bxc6 11.O-O O-O 12.Nbd2 a5 13.Ne4 a4 14.g4 Kh8 15.g5 Bd7 16.Kh1 Ne8
17.Qe2 Qc7 18.Bd2 f6 19.gxf6 gxf6 20.Rg1 f5 21.Neg5 Ng7 22.Qg2 Bxg5 23.Qxg5 Be8
24.Qh6 Rg8 25.Be1 Rb8 26.Bh4 Bh5 27.Rg3 Bxf3+ 28.Rxf3 Rxb2 29.Bf6 Qb7 30.Rg1 Rb1
31.Qxh7+  1-0

[Event "Titled Tue 7th Oct 2025"]
[Site "chess.com INT"]
[Date "2025.10.07"]
[Round "4"]
[White "Rakhmatullaev,Almas"]
[Black "Nakamura,Hi"]
[Result "0-1"]
[WhiteElo "2390"]
[BlackElo "2816"]

1.e4 e5 2.Nf3 Nc6 3.Nc3 Nf6 4.d4 exd4 5.Nxd4 Bc5 6.Be3 Bb6 7.Nf5 O-O 8.Bg5 Ba5
9.Qf3 d6 10.Nxg7 Kxg7 11.O-O-O Ne5 12.Qg3 Bxc3 13.Bxf6+ Kxf6 14.Qxc3 Ke7
15.f4 Ng6 16.g3 Qd7 17.h4 Qc6 18.Qd2 Bg4 19.Re1 h5 20.Bg2 Qa6 21.a3 Kd7 22.e5 Rae8
23.Re3 Kc8 24.Rb3 c6 25.Qxd6 Rd8 26.Qb4 Be6 27.Rc3 Qb6 28.Qa4 Ne7 29.Bf3 Rd4
30.b4 Nd5 31.Bxd5 Bxd5 32.Re1 Rd8 33.Kb2 Kb8 34.f5 Qc7 35.Rce3 Rg4 36.Rd1 b5
37.Qa6 Qb6 38.Qxb6+ axb6 39.Rdd3 Re8 40.c3 Kc7 41.Rd4 Rxd4 42.cxd4 Kd7 43.g4 hxg4
44.Rg3 Bf3 45.Kc3 Rh8 46.a4 bxa4 47.b5 cxb5 48.Kb4 Rxh4 49.Kxb5 a3 50.d5 a2
51.e6+ fxe6 52.dxe6+ Ke7 53.Rg1 Rh1  0-1

[Event "Titled Tue 7th Oct 2025"]
[Site "chess.com INT"]
[Date "2025.10.07"]
[Round "5"]
[White "Nakamura,Hi"]
[Black "Aronian,L"]
[Result "1-0"]
[WhiteElo "2816"]
[BlackElo "2722"]

1.e4 e6 2.f4 d5 3.e5 c5 4.Nf3 Nc6 5.c3 Nge7 6.d4 cxd4 7.cxd4 Nf5 8.Nc3 Qb6
9.Bb5 h5 10.Ba4 Bd7 11.Ne2 Bb4+ 12.Kf2 f6 13.Bc2 O-O-O 14.Bxf5 exf5 15.Be3 Kb8
16.a3 Be7 17.b4 Rc8 18.Rc1 Nd8 19.Qb3 Be6 20.Nc3 Nc6 21.Na4 Qb5 22.Nc5 Bxc5
23.Rxc5 Qb6 24.Rhc1 Ne7 25.b5 Qd8 26.Bd2 Qd7 27.b6 axb6 28.Qxb6 Rc6 29.Rxc6 Nxc6
30.Bb4 Rc8 31.Bd6+ Ka8 32.Rb1 Na7 33.Bc5 Nc6 34.Rb4  1-0

[Event "Titled Tue 7th Oct 2025"]
[Site "chess.com INT"]
[Date "2025.10.07"]
[Round "6"]
[White "Esipenko,Andrey"]
[Black "Nakamura,Hi"]
[Result "0-1"]
[WhiteElo "2693"]
[BlackElo "2816"]

1.e4 e5 2.Nf3 Nc6 3.Bc4 Nf6 4.d3 Bc5 5.O-O h6 6.c3 d6 7.Bb3 Bb6 8.Be3 Be6
9.Nbd2 O-O 10.h3 Re8 11.Re1 Bxb3 12.axb3 Bxe3 13.Rxe3 a5 14.d4 b6 15.Qe2 Nd7
16.Nf1 exd4 17.cxd4 Nb4 18.Rc1 c5 19.Rd1 Nc6 20.Ng3 g6 21.Qd2 cxd4 22.Nxd4 Nxd4
23.Qxd4 Nc5 24.Qxd6 h5 25.h4 Qxh4 26.Qxb6 Ne6 27.e5 Qg4 28.Rde1 Nf4 29.Re4 h4
30.Qe3 g5 31.Ra4 Rad8 32.Rc4 Rd5 33.Re4 Re6 34.Qc3 Kg7 35.Rxf4 gxf4 36.Ne4 h3
37.g3 fxg3 38.Nxg3 Rd1 39.Rxd1 Qxd1+ 40.Kh2 Qg4 41.Qe3 Kg6 42.f3 Qb4 43.f4 Kg7
44.f5 Rh6 45.f6+ Kh7 46.Qd3+ Rg6 47.Qe2 Qg4 48.Qxg4 Rxg4 49.Kxh3 Rb4 50.Nf5 Kg6
51.Ne7+ Kg5 52.Nd5 Rxb3+ 53.Kg2 Rb5 54.Kf3 Rxd5  0-1

[Event "Titled Tue 7th Oct 2025"]
[Site "chess.com INT"]
[Date "2025.10.07"]
[Round "7"]
[White "Nakamura,Hi"]
[Black "Firouzja,Alireza"]
[Result "1/2-1/2"]
[WhiteElo "2816"]
[BlackElo "2762"]

1.e4 c6 2.Nf3 d5 3.Nc3 Bg4 4.h3 Bh5 5.Be2 e6 6.d3 Nd7 7.O-O Bd6 8.Re1 Ne7
9.Nh4 Bxe2 10.Nxe2 O-O 11.Nf3 Ng6 12.Nc3 Qc7 13.d4 Bb4 14.Bd2 Bxc3 15.Bxc3 Nf6
16.e5 Ne4 17.Bb4 c5 18.Bxc5 Nxc5 19.dxc5 Qxc5 20.c3 b5 21.h4 h6 22.h5 Ne7
23.Nd4 b4 24.Re3 bxc3 25.Rxc3 Qb6 26.Qd2 Rac8 27.Rac1 Rxc3 28.Rxc3 Rc8 29.Rxc8+ Nxc8
30.Qc3 Ne7 31.b4 Qb8 32.f4 Qb6 33.Kh2 g6 34.a4 gxh5 35.b5 Ng6 36.a5 Qd8 37.b6 axb6
38.a6 Qe7 39.Nb5 Qh4+ 40.Kg1 Nxf4 41.Qd2 Qg5 42.Kh1 Qh4+ 43.Kg1 Qg5 44.Kf1 Qf5
45.a7 Nh3+ 46.Ke2 Qg4+ 47.Kf1 Qf5+ 48.Ke2  1/2-1/2

[Event "Titled Tue 7th Oct 2025"]
[Site "chess.com INT"]
[Date "2025.10.07"]
[Round "8"]
[White "Xiao,Tong(QD)"]
[Black "Nakamura,Hi"]
[Result "1-0"]
[WhiteElo "2537"]
[BlackElo "2816"]

1.e4 e5 2.Nf3 Nc6 3.Bb5 Nf6 4.O-O Nxe4 5.Re1 Nd6 6.Nxe5 Be7 7.Bf1 Nxe5 8.Rxe5 O-O
9.d4 Ne8 10.c3 d5 11.Bd3 Bd6 12.Re1 g6 13.Nd2 Ng7 14.Nf3 c6 15.Be3 Bf5 16.Qd2 Bxd3
17.Qxd3 Re8 18.Bg5 f6 19.Rxe8+ Nxe8 20.Bd2 Ng7 21.Re1 Qd7 22.a4 Re8 23.g3 Kf7
24.Kg2 Rxe1 25.Nxe1 Nf5 26.Qf3 Qe6 27.Nd3 Qe4 28.a5 g5 29.h3 h5 30.Ne1 Ke6
31.Kf1 g4 32.hxg4 hxg4 33.Qxe4+ dxe4 34.Nc2 c5 35.dxc5 Bxc5 36.c4 a6 37.Ke2 Nd4+
38.Nxd4+ Bxd4 39.b3 f5 40.Be3 Bc3 41.Bd2 Be5 42.Be3 Bc7 43.Bd2 Kd7 44.Bc3 Kc6
45.Bb4 Bb8 46.Ke3 Ba7+ 47.Ke2 Bd4 48.Be7 Bc3 49.Bd8 Kc5 50.Be7+ Kc6 51.Bd8 Bb4
52.Bb6 Kd6 53.Ke3 Ke6 54.Ke2 Bd6 55.Ke3 Be5 56.Bd8 Bb8 57.Bb6 Bd6 58.Ke2 f4
59.gxf4 Bxf4 60.Be3 Bc7 61.Bd2 Bd6 62.Bc3 Bc5 63.Bd2 Kf5 64.Be3 Bb4 65.Bb6 Bd6
66.Be3 Ke6 67.Bb6 Bf4 68.Be3 Bc7 69.Bd2 g3 70.fxg3 Bxg3 71.b4 Be5 72.Ke3 Kf5
73.Ke2 Bd4 74.Bh6 Bc3 75.Bf8 Bb2 76.Be7 Ke5 77.Bc5 Ba3 78.Ke3 Bc1+ 79.Ke2 Ke6
80.Be3 Bb2 81.Bc5 Bc3 82.Ke3 Ke5 83.Ke2 Bd4 84.Be7 Ke6 85.Bf8 Kd7 86.Bh6 Ke7
87.Be3 Bf6 88.Bc5+ Ke6 89.Ke3 Kf5 90.Bd6 Bc3 91.Bc5 Be1 92.Bd6 Bh4 93.Bc5 Bg5+
94.Ke2 Ke6 95.Be3 Be7 96.Bd2 Kd7 97.Bc3 Ke6 98.Ke3 Kf5 99.Bd2 Bg5+ 100.Ke2 Bxd2
101.Kxd2 Kf4 102.Ke2 e3 103.b5 Ke4 104.c5 Kd5 105.c6 Kd6 106.cxb7 Kc7 107.bxa6 Kb8
108.Kxe3 Ka7 109.Kd4 Kb8 110.Kc5 Ka7 111.Kc6 Kb8 112.a7+ Kxa7 113.Kc7 Ka6
114.b8=Q Kxa5 115.Kc6 Ka4 116.Kc5 Ka3 117.Kc4 Ka2 118.Kc3 Ka1 119.Qb2+  1-0

[Event "Titled Tue 7th Oct 2025"]
[Site "chess.com INT"]
[Date "2025.10.07"]
[Round "9"]
[White "Nakamura,Hi"]
[Black "Makarian,Rudik"]
[Result "0-1"]
[WhiteElo "2816"]
[BlackElo "2544"]

1.e4 e5 2.Bc4 Nf6 3.d3 Nc6 4.Nc3 Bb4 5.Bd2 O-O 6.Nge2 d6 7.a3 Bxc3 8.Nxc3 Be6
9.O-O Bxc4 10.dxc4 h6 11.Be3 b6 12.f3 a5 13.Qd2 Nb8 14.Ne2 Nbd7 15.Ng3 Kh7
16.a4 Nc5 17.b3 Ne6 18.Rad1 Qe8 19.Ne2 Kg8 20.h4 Nh7 21.g4 Qd8 22.h5 Nhg5
23.Kg2 Qe8 24.Ng3 f6 25.Nf5 Kh7 26.Qf2 Rf7 27.Rd3 Rd7 28.Rfd1 Rdd8 29.Kg3 Kg8
30.Qd2 Kh7 31.Qc1 Kg8 32.R1d2 Kh7 33.Qd1 Kg8 34.Qf1 Kh7 35.Rd1 Kg8 36.R3d2 Kh7
37.Re1 Rab8 38.Rdd1 Ra8 39.Qf2 Rab8 40.Qd2 Ra8 41.Qc1 Rab8 42.Rh1 Ra8 43.Rdf1 Qf7
44.Rd1 Qe8 45.Qd2 Rab8 46.Bg1 Nf4 47.Bh2 Nfe6 48.Kg2 Rd7 49.Bg3 Rbd8 50.Ne3 c6
51.c3 Nc7 52.Qc2 Kh8 53.Nf5 d5 54.Bf2 dxe4 55.fxe4 c5 56.Rd5 Nxd5 57.cxd5 c4
58.bxc4 Rc8 59.c5 bxc5 60.Rb1 Rb8 61.c4 Rxb1 62.Qxb1 Qc8 63.Qd3 Rb7 64.d6 Qc6
65.Qd5 Qd7 66.Bxc5 Rb2+ 67.Bf2 Kh7 68.Kg3 Qxa4 69.d7 Qc2  0-1

[Event "Titled Tue 7th Oct 2025"]
[Site "chess.com INT"]
[Date "2025.10.07"]
[Round "10"]
[White "Xiong,Jeffery"]
[Black "Nakamura,Hi"]
[Result "0-1"]
[WhiteElo "2648"]
[BlackElo "2816"]

1.d4 Nf6 2.c4 e6 3.Nc3 Bb4 4.Nf3 h6 5.Qc2 d6 6.a3 Bxc3+ 7.Qxc3 b6 8.e3 Bb7
9.Be2 Nbd7 10.O-O O-O 11.b4 Qe7 12.Bb2 Ne4 13.Qc2 f5 14.Ne1 Ng5 15.f3 e5
16.d5 Rae8 17.a4 f4 18.e4 Nf6 19.a5 Nh5 20.axb6 axb6 21.Ra7 Bc8 22.c5 bxc5
23.bxc5 Qd8 24.Ba3 Rf6 25.cxd6 Rg6 26.d7 Bxd7 27.Qxc7 Nh3+ 28.Kh1 Qh4 29.Nd3 Ng3+
30.hxg3 fxg3  0-1

[Event "Titled Tue 7th Oct 2025"]
[Site "chess.com INT"]
[Date "2025.10.07"]
[Round "11"]
[White "Nakamura,Hi"]
[Black "Caruana,F"]
[Result "1/2-1/2"]
[WhiteElo "2816"]
[BlackElo "2789"]

1.Nf3 d5 2.g3 g6 3.Bg2 Bg7 4.d4 Nf6 5.O-O O-O 6.c4 c6 7.Qb3 Qb6 8.Nc3 Rd8
9.Rd1 Qxb3 10.axb3 Na6 11.Bf4 Bf5 12.cxd5 Nxd5 13.Nxd5 cxd5 14.Rdc1 Rac8
15.Rc3 Be4 16.Bh3 e6 17.Bg5 Rxc3 18.bxc3 Rc8 19.Bd2 Bxf3 20.exf3 Ra8 21.Bf4 Rc8
22.Bd2 Ra8 23.Bf1 Nb8 24.Bb5 a6 25.Bf4 Nc6 26.Bxc6 bxc6 27.Kf1 Kf8 28.Ra4 Bf6
29.Rb4 a5 30.Rb6 a4 31.bxa4 Rxa4 32.Rxc6 Rc4 33.Rc7 Rxc7 34.Bxc7 Ke8 35.Ke2 Kd7
36.Be5 Bd8 37.Kd3 Kc6 38.c4 dxc4+ 39.Kxc4 Ba5 40.Bf4 Bd8 41.Be3 Ba5 42.Bc1 Be1
43.Be3 Ba5 44.h3 Bd8 45.Bf4 Ba5 46.g4 Be1 47.Be3 Ba5 48.Bc1 Be1 49.Be3 Ba5
50.f4 f5 51.f3 h5 52.Bc1 Bc7 53.Bd2 Bd6 54.Bc1 Bc7 55.Bd2 Bd6 56.Bc1 Bc7  1/2-1/2

[Event "Maritime Chess Open 2025"]
[Site "Summerside, PE CAN"]
[Date "2025.10.11"]
[Round "1.1"]
[White "Zhang,Michelle"]
[Black "Nakamura,Hi"]
[Result "0-1"]
[WhiteElo "1917"]
[BlackElo "2816"]

1.e4 c5 2.Nf3 e6 3.d4 cxd4 4.Nxd4 a6 5.Bd3 g6 6.O-O Bg7 7.Nb3 Ne7 8.N1d2 O-O
9.a4 Nbc6 10.a5 d5 11.c3 Ne5 12.Be2 Qc7 13.f4 N5c6 14.e5 b6 15.Nf3 bxa5 16.Be3 Rb8
17.Rb1 Nf5 18.Bf2 f6 19.exf6 Bxf6 20.Nbd4 Nfxd4 21.Nxd4 Bxd4 22.Bxd4 Nxd4
23.Qxd4 Qb6 24.Qxb6 Rxb6 25.g3 Bb7 26.Bg4 Rc8 27.Rfe1 Kf7 28.Ra1 Rc5 29.Re2 Bc8
30.Kf2 Kf6 31.Ra3 g5 32.Ra4 gxf4 33.Rxf4+ Ke7 34.Rd4 Kd6 35.Bf3 Bd7 36.Red2 Kc7
37.Be2 Be8 38.c4 dxc4 39.Rxc4 Rxc4 40.Bxc4 a4 41.Ke3 e5 42.Rc2 Kd6 43.h4 Ke7
44.Rd2 Rg6 45.Kf2 Rc6 46.Be2 Rb6 47.Bd1 Rb4 48.Ke3 Bf7 49.h5 h6 50.Be2 a5
51.Rc2 Be6 52.Rc5 Rb3+ 53.Kf2 Rxb2 54.Rxa5 Bc4 55.Rxa4 Bxe2 56.Ke3 Bxh5 57.Rh4 Bg6
58.Rxh6 Rb3+ 59.Kf2 Kf6 60.Rh1 e4 61.Rc1 Bh5 62.Rc6+ Ke7 63.g4 Bxg4 64.Rc1 Kf6
65.Re1 Kf5  0-1

[Event "Maritime Chess Open 2025"]
[Site "Summerside, PE CAN"]
[Date "2025.10.11"]
[Round "2.1"]
[White "Nakamura,Hi"]
[Black "Dunahee,Titan"]
[Result "1-0"]
[WhiteElo "2816"]
[BlackElo "1808"]

1.e4 e5 2.Bc4 Nf6 3.d3 c6 4.Nf3 d5 5.Bb3 Bd6 6.O-O O-O 7.Nc3 dxe4 8.Nxe4 Nxe4
9.dxe4 h6 10.Ne1 Na6 11.Nd3 Nc5 12.Re1 Nxd3 13.Qxd3 Bc5 14.Bxf7+ Kh8 15.Qxd8 Rxd8
16.Be3 Bxe3 17.Rxe3 Rd2 18.Rc1 Bg4 19.f3 Rf8 20.Bc4 Bh5 21.Kf1 Bf7 22.Bxf7 Rxf7
23.Rd3 Rd7 24.Rxd7 Rxd7 25.Ke2 g5 26.Rd1 Re7 27.Rd6 Kg7 28.b4 Kh7 29.a4 Kg7
30.a5 a6 31.h3 h5 32.Kd3 g4 33.fxg4 hxg4 34.hxg4 Rf7 35.Re6 Rf2 36.Rxe5 Rxg2
37.Re7+ Kf6 38.Rxb7 Ke5 39.Re7+ Kd6 40.Ra7 Rxg4 41.Rxa6 Kc7 42.Ra7+ Kb8 43.Re7 Rg1
44.Kc4 Rc1 45.c3 c5 46.b5 Ra1 47.a6 Ra3 48.e5 Ka8 49.e6 Kb8 50.Rb7+ Ka8 51.e7 Ra4+
52.Kd5  1-0